[Event "DEM U12w 2025"]
[Site "Willingen GER"]
[Date "2025.06.08"]
[Round "1"]
[White "Sriram, Yashasri"]
[Black "Shynkar, Daria"]
[Result "0-1"]
[Termination "normal"]
[Board "6"]
[WhiteElo "1547"]
[BlackElo "1733"]
[WhiteClock "00:51:31"]
[BlackClock "00:50:39"]
[PlyCount "70"]
[WhiteFideId "34656243"]
[BlackFideId "34163212"]
[EventCountry "GER"]
[EventRounds "9"]
[EventType "swiss"]
[EventDate "2025.06.07"]

1. e4 {[%clk 01:30:54]} {[%emt 00:00:06]} c5 {[%clk 01:30:56]} {[%emt
00:00:04]} 2. c3 {[%clk 01:31:20]} {[%emt 00:00:05]} d5 {[%clk 01:31:20]}
{[%emt 00:00:06]} 3. exd5 {[%clk 01:31:44]} {[%emt 00:00:05]} Qxd5 {[%clk
01:31:48]} {[%emt 00:00:02]} 4. Nf3 {[%clk 01:32:03]} {[%emt 00:00:11]} Nf6
{[%clk 01:29:33]} {[%emt 00:02:45]} 5. Bb5+ {[%clk 01:29:53]} {[%emt 00:02:40]}
Nc6 {[%clk 01:23:58]} {[%emt 00:06:05]} 6. O-O {[%clk 01:23:30]} {[%emt
00:06:53]} Bg4 {[%clk 01:20:05]} {[%emt 00:04:23]} 7. Bxc6+ {[%clk 01:22:25]}
{[%emt 00:01:34]} Qxc6 {[%clk 01:17:29]} {[%emt 00:03:07]} 8. Ne5 {[%clk
01:18:12]} {[%emt 00:04:43]} Bxd1 {[%clk 01:17:26]} {[%emt 00:00:33]} 9. Nxc6
{[%clk 01:18:33]} {[%emt 00:00:09]} Bh5 {[%clk 01:17:30]} {[%emt 00:00:25]} 10.
Ne5 {[%clk 01:18:27]} {[%emt 00:00:37]} O-O-O {[%clk 01:16:55]} {[%emt
00:01:06]} 11. Na3 {[%clk 01:17:21]} {[%emt 00:01:35]} e6 {[%clk 01:14:58]}
{[%emt 00:02:27]} 12. Nac4 {[%clk 01:16:40]} {[%emt 00:01:11]} b5 {[%clk
01:10:26]} {[%emt 00:05:02]} 13. Na5 {[%clk 01:15:27]} {[%emt 00:01:43]} Bd6
{[%clk 01:07:52]} {[%emt 00:03:05]} 14. Nac6 {[%clk 01:15:05]} {[%emt
00:00:51]} Bxe5 {[%clk 01:08:07]} {[%emt 00:00:16]} 15. Nxe5 {[%clk 01:13:15]}
{[%emt 00:02:19]} Rd5 {[%clk 01:06:28]} {[%emt 00:02:09]} 16. Re1 {[%clk
01:12:34]} {[%emt 00:01:11]} Rhd8 {[%clk 01:04:02]} {[%emt 00:02:56]} 17. f3
{[%clk 01:04:21]} {[%emt 00:08:42]} Kc7 {[%clk 01:02:26]} {[%emt 00:02:04]} 18.
a4 {[%clk 01:02:46]} {[%emt 00:02:08]} b4 {[%clk 01:00:21]} {[%emt 00:02:35]}
19. cxb4 {[%clk 00:56:25]} {[%emt 00:06:50]} cxb4 {[%clk 01:00:32]} {[%emt
00:00:20]} 20. b3 {[%clk 00:54:59]} {[%emt 00:01:55]} Nd7 {[%clk 01:00:26]}
{[%emt 00:00:36]} 21. Nc4 {[%clk 00:54:34]} {[%emt 00:00:55]} Nc5 {[%clk
01:00:24]} {[%emt 00:00:33]} 22. Rb1 {[%clk 00:52:19]} {[%emt 00:02:40]} Bg6
{[%clk 01:00:24]} {[%emt 00:00:35]} 23. Ra1 {[%clk 00:51:56]} {[%emt 00:00:52]}
Nxb3 {[%clk 00:59:46]} {[%emt 00:01:09]} 24. Ra2 {[%clk 00:52:18]} {[%emt
00:00:07]} Rc5 {[%clk 00:58:06]} {[%emt 00:02:10]} 25. Rb2 {[%clk 00:52:09]}
{[%emt 00:00:39]} Rxc4 {[%clk 00:57:11]} {[%emt 00:01:26]} 26. Rxb3 {[%clk
00:52:26]} {[%emt 00:00:12]} Bc2 {[%clk 00:57:30]} {[%emt 00:00:11]} 27. Rb2
{[%clk 00:52:11]} {[%emt 00:00:46]} Bxa4 {[%clk 00:57:21]} {[%emt 00:00:40]}
28. Ra2 {[%clk 00:51:21]} {[%emt 00:01:18]} b3 {[%clk 00:56:24]} {[%emt
00:01:28]} 29. Rb2 {[%clk 00:51:38]} {[%emt 00:00:14]} Rc2 {[%clk 00:56:26]}
{[%emt 00:00:26]} 30. Rd1 {[%clk 00:51:39]} {[%emt 00:00:29]} Kd7 {[%clk
00:55:49]} {[%emt 00:01:08]} 31. d4 {[%clk 00:51:47]} {[%emt 00:00:21]} Rdc8
{[%clk 00:54:48]} {[%emt 00:01:32]} 32. Rb1 {[%clk 00:51:15]} {[%emt 00:01:02]}
Ra2 {[%clk 00:51:02]} {[%emt 00:04:14]} 33. Rd2 {[%clk 00:51:00]} {[%emt
00:00:45]} Rcc2 {[%clk 00:50:02]} {[%emt 00:01:32]} 34. Rxc2 {[%clk 00:51:17]}
{[%emt 00:00:13]} bxc2 {[%clk 00:50:18]} {[%emt 00:00:14]} 35. Rb2 {[%clk
00:51:31]} {[%emt 00:00:16]} Ra1 {[%clk 00:50:39]} {[%emt 00:00:09]} 0-1

[Event "DEM U12w 2025"]
[Site "Willingen GER"]
[Date "2025.06.08"]
[Round "1"]
[White "Huang, Flora Yueya"]
[Black "Wolf, Aurelia"]
[Result "1-0"]
[Termination "normal"]
[Board "7"]
[WhiteElo "1652"]
[BlackElo "1410"]
[WhiteClock "01:20:28"]
[BlackClock "00:53:53"]
[PlyCount "75"]
[WhiteFideId "533015651"]
[BlackFideId "34671048"]
[EventCountry "GER"]
[EventRounds "9"]
[EventType "swiss"]
[EventDate "2025.06.07"]

1. d4 {[%clk 01:30:58]} {[%emt 00:00:02]} Nf6 {[%clk 01:30:53]} {[%emt
00:00:06]} 2. c4 {[%clk 01:31:22]} {[%emt 00:00:07]} c5 {[%clk 01:31:17]}
{[%emt 00:00:05]} 3. Nf3 {[%clk 01:31:46]} {[%emt 00:00:07]} e6 {[%clk
01:31:36]} {[%emt 00:00:12]} 4. Nc3 {[%emt 00:00:09]} g6 {[%clk 01:31:41]}
{[%emt 00:00:22]} 5. Bf4 {[%clk 01:32:25]} {[%emt 00:00:14]} d6 {[%clk
01:31:23]} {[%emt 00:00:48]} 6. dxc5 {[%clk 01:32:42]} {[%emt 00:00:13]} d5
{[%clk 01:30:41]} {[%emt 00:01:12]} 7. e3 {[%clk 01:31:35]} {[%emt 00:01:37]}
Bg7 {[%clk 01:24:52]} {[%emt 00:06:19]} 8. Nb5 {[%clk 01:30:13]} {[%emt
00:01:52]} O-O {[%clk 01:23:30]} {[%emt 00:01:51]} 9. Bd6 {[%clk 01:30:08]}
{[%emt 00:00:37]} Re8 {[%clk 01:23:10]} {[%emt 00:00:49]} 10. Nc7 {[%emt
00:04:03]} Ne4 {[%clk 01:19:22]} {[%emt 00:04:15]} 11. Qc2 {[%clk 01:25:12]}
{[%emt 00:01:56]} Nxd6 {[%clk 01:11:49]} {[%emt 00:08:03]} 12. cxd6 {[%clk
01:25:35]} {[%emt 00:00:07]} Na6 {[%clk 01:11:44]} {[%emt 00:00:35]} 13. Nxe8
{[%clk 01:25:15]} {[%emt 00:00:50]} Qxe8 {[%clk 01:11:40]} {[%emt 00:00:33]}
14. cxd5 {[%clk 01:25:38]} {[%emt 00:00:08]} Nb4 {[%clk 01:10:57]} {[%emt
00:01:13]} 15. Qd2 {[%clk 01:25:55]} {[%emt 00:00:13]} Nxd5 {[%clk 01:10:02]}
{[%emt 00:01:25]} 16. Be2 {[%clk 01:26:09]} {[%emt 00:00:16]} Qc6 {[%clk
01:06:00]} {[%emt 00:04:32]} 17. O-O {[%clk 01:25:54]} {[%emt 00:00:44]} b6
{[%clk 01:02:55]} {[%emt 00:03:36]} 18. Rac1 {[%clk 01:25:56]} {[%emt
00:00:28]} Qd7 {[%clk 01:00:05]} {[%emt 00:03:20]} 19. Rfd1 {[%clk 01:22:12]}
{[%emt 00:04:14]} Bb7 {[%clk 00:58:58]} {[%emt 00:01:37]} 20. e4 {[%clk
01:21:24]} {[%emt 00:01:18]} Nf6 {[%clk 00:56:31]} {[%emt 00:02:57]} 21. Rc7
{[%clk 01:17:10]} {[%emt 00:04:44]} Nxe4 {[%clk 00:55:33]} {[%emt 00:01:28]}
22. Rxd7 {[%clk 01:17:29]} {[%emt 00:00:11]} Nxd2 {[%clk 00:55:31]} {[%emt
00:00:31]} 23. Rxd2 {[%clk 01:17:43]} {[%emt 00:00:17]} Bd5 {[%clk 00:55:39]}
{[%emt 00:00:22]} 24. b3 {[%clk 01:17:43]} {[%emt 00:00:30]} a5 {[%clk
00:55:16]} {[%emt 00:00:53]} 25. Rc7 {[%clk 01:17:55]} {[%emt 00:00:18]} Rd8
{[%clk 00:55:09]} {[%emt 00:00:36]} 26. d7 {[%clk 01:18:13]} {[%emt 00:00:13]}
Kf8 {[%clk 00:55:10]} {[%emt 00:00:29]} 27. Bb5 {[%emt 00:00:25]} Ke7 {[%clk
00:55:12]} {[%emt 00:00:25]} 28. Rc8 {[%clk 01:18:33]} {[%emt 00:00:18]} Bb7
{[%clk 00:53:26]} {[%emt 00:02:16]} 29. Rxd8 {[%clk 01:18:40]} {[%emt
00:00:23]} Kxd8 {[%clk 00:53:42]} {[%emt 00:00:13]} 30. Ng5 {[%clk 01:19:00]}
{[%emt 00:00:10]} Bd5 {[%clk 00:52:52]} {[%emt 00:01:21]} 31. Nxf7+ {[%clk
01:19:15]} {[%emt 00:00:15]} Ke7 {[%clk 00:52:29]} {[%emt 00:00:53]} 32. d8=Q+
{[%clk 01:19:23]} {[%emt 00:00:22]} Kxf7 {[%clk 00:52:29]} {[%emt 00:00:43]}
33. Qxb6 {[%clk 01:19:14]} {[%emt 00:00:39]} Kf6 {[%clk 00:52:30]} {[%emt
00:00:29]} 34. Rxd5 {[%emt 00:00:15]} Ke7 {[%clk 00:52:53]} {[%emt 00:00:03]}
35. Qd6+ {[%clk 01:19:57]} {[%emt 00:00:07]} Kf7 {[%clk 00:53:16]} {[%emt
00:00:06]} 36. Qf4+ {[%clk 01:20:09]} {[%emt 00:00:19]} Ke7 {[%clk 00:53:33]}
{[%emt 00:00:12]} 37. Rd7+ {[%clk 01:20:28]} {[%emt 00:00:12]} Ke8 {[%clk
00:53:53]} {[%emt 00:00:10]} 38. Qf7# {[%emt 00:00:32]} 1-0

[Event "DEM U12w 2025"]
[Site "Willingen GER"]
[Date "2025.06.08"]
[Round "1"]
[White "Didas, Emma"]
[Black "Suryaprakash, Smrithi"]
[Result "0-1"]
[Termination "normal"]
[Board "8"]
[WhiteElo "1461"]
[BlackElo "1731"]
[WhiteClock "00:40:02"]
[BlackClock "00:45:50"]
[PlyCount "76"]
[WhiteFideId "34681612"]
[BlackFideId "34637826"]
[EventCountry "GER"]
[EventRounds "9"]
[EventType "swiss"]
[EventDate "2025.06.07"]

1. e4 {[%clk 01:30:58]} {[%emt 00:00:01]} c5 {[%clk 01:30:38]} {[%emt
00:00:23]} 2. c3 {[%clk 01:31:20]} {[%emt 00:00:08]} Nf6 {[%clk 01:31:04]}
{[%emt 00:00:03]} 3. e5 {[%clk 01:31:44]} {[%emt 00:00:06]} Nd5 {[%clk
01:31:29]} {[%emt 00:00:05]} 4. d4 {[%clk 01:32:06]} {[%emt 00:00:08]} cxd4
{[%clk 01:31:55]} {[%emt 00:00:05]} 5. cxd4 {[%clk 01:32:29]} {[%emt 00:00:06]}
d6 {[%clk 01:32:13]} {[%emt 00:00:11]} 6. Nf3 {[%clk 01:32:35]} {[%emt
00:00:24]} Nc6 {[%clk 01:32:35]} {[%emt 00:00:10]} 7. Bc4 {[%clk 01:32:34]}
{[%emt 00:00:30]} Nb6 {[%clk 01:32:57]} {[%emt 00:00:08]} 8. Bb5 {[%clk
01:32:52]} {[%emt 00:00:12]} dxe5 {[%clk 01:33:20]} {[%emt 00:00:07]} 9. Bxc6+
{[%clk 01:30:08]} {[%emt 00:03:14]} bxc6 {[%clk 01:32:40]} {[%emt 00:01:10]}
10. Nxe5 {[%clk 01:29:36]} {[%emt 00:01:01]} Bb7 {[%clk 01:30:32]} {[%emt
00:02:39]} 11. O-O {[%clk 01:27:09]} {[%emt 00:02:57]} g6 {[%clk 01:21:44]}
{[%emt 00:09:19]} 12. Nc3 {[%clk 01:22:57]} {[%emt 00:04:41]} Bg7 {[%clk
01:17:56]} {[%emt 00:04:18]} 13. Bf4 {[%clk 01:17:06]} {[%emt 00:06:19]} O-O
{[%clk 01:17:10]} {[%emt 00:01:17]} 14. Rc1 {[%clk 01:13:57]} {[%emt 00:03:38]}
Nd5 {[%clk 01:08:14]} {[%emt 00:09:28]} 15. Nxd5 {[%clk 01:02:37]} {[%emt
00:11:51]} Qxd5 {[%clk 01:08:35]} {[%emt 00:00:08]} 16. Qf3 {[%clk 00:58:19]}
{[%emt 00:04:47]} Qxa2 {[%clk 01:02:14]} {[%emt 00:06:52]} 17. Qc3 {[%clk
00:53:34]} {[%emt 00:05:14]} Qd5 {[%clk 00:58:45]} {[%emt 00:03:59]} 18. Nxc6
{[%clk 00:51:10]} {[%emt 00:02:53]} Bxc6 {[%clk 00:58:45]} {[%emt 00:00:32]}
19. Qxc6 {[%clk 00:51:28]} {[%emt 00:00:11]} Qxc6 {[%clk 00:59:09]} {[%emt
00:00:07]} 20. Rxc6 {[%clk 00:51:50]} {[%emt 00:00:06]} Bxd4 {[%clk 00:59:35]}
{[%emt 00:00:05]} 21. Rc7 {[%clk 00:50:49]} {[%emt 00:01:31]} e5 {[%clk
00:58:18]} {[%emt 00:01:48]} 22. Be3 {[%clk 00:49:32]} {[%emt 00:01:46]} Bxe3
{[%clk 00:52:27]} {[%emt 00:06:22]} 23. fxe3 {[%clk 00:49:32]} {[%emt
00:00:30]} f5 {[%clk 00:52:39]} {[%emt 00:00:17]} 24. Rd1 {[%clk 00:47:59]}
{[%emt 00:02:02]} Rfd8 {[%clk 00:52:22]} {[%emt 00:00:48]} 25. Rxd8+ {[%clk
00:47:04]} {[%emt 00:01:25]} Rxd8 {[%clk 00:52:46]} {[%emt 00:00:06]} 26. Rxa7
{[%clk 00:46:35]} {[%emt 00:00:59]} Rd1+ {[%clk 00:53:11]} {[%emt 00:00:05]}
27. Kf2 {[%clk 00:47:01]} {[%emt 00:00:04]} Rd2+ {[%clk 00:53:37]} {[%emt
00:00:04]} 28. Kf3 {[%clk 00:45:55]} {[%emt 00:01:36]} Rxb2 {[%clk 00:53:59]}
{[%emt 00:00:09]} 29. h3 {[%clk 00:44:11]} {[%emt 00:02:14]} e4+ {[%clk
00:52:21]} {[%emt 00:02:08]} 30. Kg3 {[%clk 00:44:11]} {[%emt 00:00:28]} Rd2
{[%clk 00:48:18]} {[%emt 00:04:34]} 31. h4 {[%clk 00:41:30]} {[%emt 00:03:11]}
Rd3 {[%clk 00:44:49]} {[%emt 00:04:01]} 32. Kf4 {[%clk 00:41:20]} {[%emt
00:00:37]} Rd2 {[%clk 00:44:32]} {[%emt 00:00:48]} 33. Kg3 {[%clk 00:41:41]}
{[%emt 00:00:09]} Re2 {[%clk 00:44:52]} {[%emt 00:00:10]} 34. Ra3 {[%clk
00:40:00]} {[%emt 00:02:11]} Kg7 {[%clk 00:45:17]} {[%emt 00:00:05]} 35. Kh3
{[%clk 00:40:20]} {[%emt 00:00:10]} Kh6 {[%clk 00:45:38]} {[%emt 00:00:10]} 36.
g4 {[%clk 00:40:11]} {[%emt 00:00:38]} Rf2 {[%clk 00:45:34]} {[%emt 00:00:34]}
37. Ra7 {[%clk 00:39:55]} {[%emt 00:00:47]} Rf3+ {[%clk 00:45:56]} {[%emt
00:00:08]} 38. Kg2 {[%clk 00:40:02]} {[%emt 00:00:21]} fxg4 {[%clk 00:45:50]}
{[%emt 00:00:38]} 0-1

[Event "DEM U12w 2025"]
[Site "Willingen GER"]
[Date "2025.06.08"]
[Round "1"]
[White "Ratushna, Olha"]
[Black "Birkenheier, Larissa"]
[Result "1-0"]
[Termination "normal"]
[Board "9"]
[WhiteElo "1734"]
[BlackElo "1486"]
[WhiteClock "01:15:41"]
[BlackClock "00:03:34"]
[PlyCount "120"]
[WhiteFideId "34172602"]
[BlackFideId "34626379"]
[EventCountry "GER"]
[EventRounds "9"]
[EventType "swiss"]
[EventDate "2025.06.07"]

1. e4 {[%clk 01:30:56]} {[%emt 00:00:04]} e5 {[%clk 01:30:49]} {[%emt
00:00:12]} 2. Nf3 {[%clk 01:31:21]} {[%emt 00:00:05]} Nc6 {[%clk 01:30:57]}
{[%emt 00:00:21]} 3. Nc3 {[%clk 01:31:49]} {[%emt 00:00:02]} Nf6 {[%clk
01:30:53]} {[%emt 00:00:33]} 4. Bb5 {[%clk 01:32:18]} {[%emt 00:00:02]} Bc5
{[%clk 01:25:11]} {[%emt 00:06:12]} 5. O-O {[%clk 01:32:09]} {[%emt 00:00:40]}
O-O {[%clk 01:21:48]} {[%emt 00:03:52]} 6. Bxc6 {[%clk 01:31:57]} {[%emt
00:00:42]} dxc6 {[%clk 01:13:39]} {[%emt 00:08:39]} 7. Nxe5 {[%clk 01:31:09]}
{[%emt 00:01:18]} Re8 {[%clk 01:10:46]} {[%emt 00:03:23]} 8. Nd3 {[%clk
01:29:23]} {[%emt 00:02:15]} Bd4 {[%clk 01:07:47]} {[%emt 00:03:30]} 9. e5
{[%clk 01:25:44]} {[%emt 00:04:10]} Bg4 {[%clk 00:51:07]} {[%emt 00:17:10]} 10.
Ne2 {[%clk 01:24:07]} {[%emt 00:02:07]} c5 {[%clk 00:47:15]} {[%emt 00:04:22]}
11. h3 {[%clk 01:20:11]} {[%emt 00:04:25]} Bh5 {[%clk 00:38:16]} {[%emt
00:09:29]} 12. c3 {[%clk 01:18:11]} {[%emt 00:02:31]} Bxe5 {[%clk 00:34:59]}
{[%emt 00:03:47]} 13. Nxe5 {[%clk 01:17:55]} {[%emt 00:00:45]} Rxe5 {[%clk
00:34:39]} {[%emt 00:00:50]} 14. f3 {[%clk 01:14:43]} {[%emt 00:03:42]} Bg6
{[%clk 00:28:14]} {[%emt 00:06:55]} 15. Nf4 {[%clk 01:13:57]} {[%emt 00:01:16]}
Qd6 {[%clk 00:26:37]} {[%emt 00:02:07]} 16. Nxg6 {[%clk 01:13:46]} {[%emt
00:00:41]} hxg6 {[%clk 00:26:53]} {[%emt 00:00:14]} 17. d4 {[%clk 01:11:13]}
{[%emt 00:03:02]} cxd4 {[%clk 00:26:12]} {[%emt 00:01:12]} 18. Bf4 {[%clk
01:11:15]} {[%emt 00:00:28]} c5 {[%clk 00:18:26]} {[%emt 00:08:16]} 19. cxd4
{[%clk 01:10:30]} {[%emt 00:01:15]} cxd4 {[%clk 00:17:37]} {[%emt 00:01:19]}
20. Bxe5 {[%clk 01:10:38]} {[%emt 00:00:22]} Qxe5 {[%clk 00:17:51]} {[%emt
00:00:17]} 21. Re1 {[%clk 01:11:03]} {[%emt 00:00:05]} Qd6 {[%clk 00:17:13]}
{[%emt 00:01:07]} 22. Qd3 {[%clk 01:08:47]} {[%emt 00:02:45]} Rd8 {[%clk
00:15:25]} {[%emt 00:02:19]} 23. Rac1 {[%clk 01:08:32]} {[%emt 00:00:46]} Nd7
{[%clk 00:13:05]} {[%emt 00:02:50]} 24. Qe4 {[%clk 01:07:01]} {[%emt 00:01:56]}
Nc5 {[%clk 00:12:19]} {[%emt 00:01:21]} 25. Qe7 {[%clk 01:06:21]} {[%emt
00:01:07]} Nd3 {[%clk 00:10:23]} {[%emt 00:02:29]} 26. Qxd6 {[%clk 01:06:16]}
{[%emt 00:00:34]} Rxd6 {[%clk 00:10:39]} {[%emt 00:00:15]} 27. Rc8+ {[%clk
01:06:39]} {[%emt 00:00:07]} Kh7 {[%clk 00:10:47]} {[%emt 00:00:21]} 28. Re2
{[%clk 01:06:28]} {[%emt 00:00:40]} Nf4 {[%clk 00:10:08]} {[%emt 00:01:10]} 29.
Rd2 {[%clk 01:06:30]} {[%emt 00:00:24]} d3 {[%clk 00:10:00]} {[%emt 00:00:42]}
30. Kf2 {[%clk 01:06:40]} {[%emt 00:00:17]} Re6 {[%clk 00:09:34]} {[%emt
00:00:59]} 31. g3 {[%clk 01:06:32]} {[%emt 00:00:39]} Nxh3+ {[%clk 00:08:24]}
{[%emt 00:01:38]} 32. Kg2 {[%clk 01:07:01]} {[%emt 00:00:02]} Ng5 {[%clk
00:05:25]} {[%emt 00:03:29]} 33. Rd8 {[%clk 01:07:08]} {[%emt 00:00:23]} Re2+
{[%clk 00:04:52]} {[%emt 00:01:04]} 34. Rxe2 {[%clk 01:07:32]} {[%emt
00:00:06]} dxe2 {[%clk 00:05:15]} {[%emt 00:00:06]} 35. Kf2 {[%clk 01:07:13]}
{[%emt 00:00:49]} e1=Q+ {[%emt 00:01:31]} 36. Kxe1 {[%clk 01:09:38]} {[%emt
00:00:18]} Nxf3+ {[%clk 00:04:34]} {[%emt 00:00:36]} 37. Kf2 {[%clk 01:10:06]}
{[%emt 00:00:01]} Ne5 {[%clk 00:04:38]} {[%emt 00:00:26]} 38. Ke2 {[%clk
01:09:51]} {[%emt 00:00:43]} Kh6 {[%clk 00:04:16]} {[%emt 00:00:54]} 39. Rb8
{[%clk 01:09:53]} {[%emt 00:00:25]} b6 {[%clk 00:02:25]} {[%emt 00:02:24]} 40.
Rb7 {[%clk 01:10:20]} {[%emt 00:00:03]} Nc6 {[%clk 00:01:58]} {[%emt 00:00:56]}
41. Rxf7 {[%clk 01:10:45]} {[%emt 00:00:06]} Nd4+ {[%clk 00:02:06]} {[%emt
00:00:23]} 42. Kf2 {[%clk 01:10:23]} {[%emt 00:00:44]} a5 {[%clk 00:01:21]}
{[%emt 00:01:23]} 43. Rd7 {[%clk 01:10:11]} {[%emt 00:00:32]} Nf5 {[%clk
00:00:55]} {[%emt 00:01:05]} 44. Rb7 {[%clk 01:10:30]} {[%emt 00:00:09]} Kg5
{[%clk 00:00:58]} {[%emt 00:00:29]} 45. Rxb6 {[%clk 01:10:56]} {[%emt
00:00:05]} a4 {[%clk 00:00:43]} {[%emt 00:00:45]} 46. Ra6 {[%clk 01:11:14]}
{[%emt 00:00:11]} a3 {[%clk 00:00:41]} {[%emt 00:00:32]} 47. Rxa3 {[%clk
01:11:38]} {[%emt 00:00:06]} Nd4 {[%clk 00:00:45]} {[%emt 00:00:25]} 48. Ra5+
{[%clk 01:11:51]} {[%emt 00:00:18]} Kf6 {[%clk 00:00:55]} {[%emt 00:00:19]} 49.
Rd5 {[%clk 01:11:47]} {[%emt 00:00:29]} Nc2 {[%clk 00:00:49]} {[%emt 00:00:42]}
50. a4 {[%clk 01:11:47]} {[%emt 00:00:27]} Ke6 {[%clk 00:01:01]} {[%emt
00:00:21]} 51. Rd2 {[%clk 01:12:10]} {[%emt 00:00:05]} Nb4 {[%clk 00:01:16]}
{[%emt 00:00:17]} 52. a5 {[%clk 01:12:27]} {[%emt 00:00:14]} Nd5 {[%clk
00:01:10]} {[%emt 00:00:36]} 53. a6 {[%clk 01:12:40]} {[%emt 00:00:17]} Nc7
{[%clk 00:01:20]} {[%emt 00:00:20]} 54. a7 {[%clk 01:13:03]} {[%emt 00:00:07]}
Na8 {[%clk 00:01:33]} {[%emt 00:00:16]} 55. Rd8 {[%clk 01:13:31]} {[%emt
00:00:03]} Nc7 {[%clk 00:01:50]} {[%emt 00:00:12]} 56. a8=Q {[%clk 01:13:56]}
{[%emt 00:00:05]} Nxa8 {[%clk 00:02:15]} {[%emt 00:00:06]} 57. Rxa8 {[%clk
01:14:23]} {[%emt 00:00:02]} Kd5 {[%clk 00:02:35]} {[%emt 00:00:10]} 58. Rc8
{[%clk 01:14:50]} {[%emt 00:00:03]} Kd6 {[%clk 00:02:50]} {[%emt 00:00:15]} 59.
b4 {[%clk 01:15:17]} {[%emt 00:00:04]} Kd7 {[%clk 00:03:12]} {[%emt 00:00:08]}
60. Rc1 {[%clk 01:15:41]} {[%emt 00:00:05]} Kd6 {[%clk 00:03:34]} {[%emt
00:00:08]} 1-0

[Event "DEM U12w 2025"]
[Site "Willingen GER"]
[Date "2025.06.08"]
[Round "1"]
[White "Nehrukumar, Rithika"]
[Black "Klymenko, Maria"]
[Result "0-1"]
[Termination "normal"]
[Board "10"]
[WhiteElo "1692"]
[BlackElo "1728"]
[WhiteClock "00:51:50"]
[BlackClock "01:14:45"]
[PlyCount "50"]
[WhiteFideId "34660550"]
[BlackFideId "34620621"]
[EventCountry "GER"]
[EventRounds "9"]
[EventType "swiss"]
[EventDate "2025.06.07"]

1. e4 {[%clk 01:30:57]} {[%emt 00:00:02]} c6 {[%clk 01:30:56]} {[%emt
00:00:05]} 2. d4 {[%clk 01:31:22]} {[%emt 00:00:04]} d5 {[%clk 01:31:21]}
{[%emt 00:00:04]} 3. exd5 {[%clk 01:31:47]} {[%emt 00:00:06]} cxd5 {[%clk
01:31:46]} {[%emt 00:00:05]} 4. Bd3 {[%clk 01:31:35]} {[%emt 00:00:42]} Nc6
{[%clk 01:32:08]} {[%emt 00:00:08]} 5. c3 {[%clk 01:31:42]} {[%emt 00:00:24]}
g6 {[%clk 01:32:31]} {[%emt 00:00:06]} 6. Qc2 {[%clk 01:32:05]} {[%emt
00:00:07]} Bg7 {[%clk 01:32:47]} {[%emt 00:00:14]} 7. Nf3 {[%clk 01:31:57]}
{[%emt 00:00:38]} Nh6 {[%clk 01:32:34]} {[%emt 00:00:42]} 8. h3 {[%clk
01:30:53]} {[%emt 00:01:34]} f6 {[%clk 01:32:31]} {[%emt 00:00:33]} 9. O-O
{[%clk 01:20:20]} {[%emt 00:11:03]} Nf7 {[%clk 01:32:47]} {[%emt 00:00:15]} 10.
Nbd2 {[%clk 01:20:14]} {[%emt 00:00:37]} O-O {[%clk 01:32:52]} {[%emt
00:00:24]} 11. Nb3 {[%clk 01:19:48]} {[%emt 00:00:56]} b6 {[%clk 01:32:52]}
{[%emt 00:00:30]} 12. Re1 {[%clk 01:16:24]} {[%emt 00:03:55]} Bb7 {[%clk
01:32:11]} {[%emt 00:01:11]} 13. Bd2 {[%clk 01:11:58]} {[%emt 00:04:55]} e5
{[%clk 01:29:36]} {[%emt 00:03:05]} 14. dxe5 {[%clk 01:11:38]} {[%emt
00:00:51]} fxe5 {[%clk 01:29:46]} {[%emt 00:00:19]} 15. Bb5 {[%clk 01:11:24]}
{[%emt 00:00:44]} Rc8 {[%clk 01:20:56]} {[%emt 00:09:19]} 16. Bxc6 {[%clk
01:07:33]} {[%emt 00:04:21]} Bxc6 {[%clk 01:20:14]} {[%emt 00:01:12]} 17. Rad1
{[%clk 01:07:21]} {[%emt 00:00:43]} d4 {[%emt 00:03:10]} 18. Qb1 {[%clk
00:54:45]} {[%emt 00:11:49]} Bxf3 {[%clk 01:16:36]} {[%emt 00:02:45]} 19. gxf3
{[%clk 00:55:07]} {[%emt 00:00:08]} Ng5 {[%clk 01:16:29]} {[%emt 00:00:35]} 20.
Bxg5 {[%clk 00:53:05]} {[%emt 00:02:33]} Qxg5+ {[%clk 01:16:35]} {[%emt
00:00:25]} 21. Kh2 {[%clk 00:52:32]} {[%emt 00:01:03]} Rxf3 {[%clk 01:15:06]}
{[%emt 00:01:59]} 22. Rg1 {[%clk 00:52:37]} {[%emt 00:00:24]} Qf4+ {[%clk
01:14:01]} {[%emt 00:01:34]} 23. Kh1 {[%clk 00:51:19]} {[%emt 00:01:49]} Rxh3+
{[%clk 01:14:22]} {[%emt 00:00:10]} 24. Kg2 {[%clk 00:51:42]} {[%emt 00:00:07]}
Rh2+ {[%clk 01:14:45]} {[%emt 00:00:06]} 25. Kf1 {[%clk 00:51:50]} {[%emt
00:00:24]} Qxf2# {[%emt 00:00:05]} 0-1